000 00436nam a2200121Ia 4500
008 231129s9999||||xx |||||||||||||| ||spa||
020 _a978-958-734-167-6
082 _a333.916286153 P127r
100 _aPáez Ramí­rez Andrés
245 0 _aRí­o Cauca: Informe social económico y ambiental
264 _aBogotá Colombia : Instituto de Estudios del Ministerio Público - IEMP
942 _2ddc
_cBKS
999 _c24107
_d24107